Представление документа в формате MARC21

Поле Инд. ПП Название Значение
Тип записи a
Библиографический уровень b
001 Контрольный номер RU/IS/BASE/483541304
005 Дата корректировки 20200522191728.7
008 Кодируемые данные 20150428
040 b Код языка каталог. rus
e Правила каталог. PSBO
041 0_ a Код языка текста rus
084 a Индекс другой классификации/Индекс ББК 65.272.21
100 1_ a Автор Корчемкина Е.
245 10 a Заглавие О некоторых концептуальных аспектах пенсионной реформы
504 a Библиография Библиогр.
520 a Аннотация Рассмотрены основные положения пенсионной реформы, проанализированы факторы, влияющие на проведение реформы в России.
650 14 a Основная рубрика пенсионное обеспечение
a Основная рубрика социальное страхование
a Основная рубрика экономика
653 1_ a Ключевые слова дифференциация доходов
a Ключевые слова занятость
a Ключевые слова инвестирование пенсионных накоплений
a Ключевые слова макроэкономика
a Ключевые слова накопительная часть трудовой пенсии
a Ключевые слова пенсионная реформа
a Ключевые слова пенсионные выплаты
a Ключевые слова пенсионные сбережения
a Ключевые слова Пенсионный фонд РФ
a Ключевые слова распределительная пенсионная система
a Ключевые слова Россия
a Ключевые слова рынок труда
a Ключевые слова социальная дифференциация
a Ключевые слова социальная солидарность
a Ключевые слова социально-демографические факторы
a Ключевые слова Стратегия развития пенсионной системы Российской Федерации до 2030
a Ключевые слова финансовая устойчивость
a Ключевые слова человеческий капитал
a Ключевые слова экономическая политика
773 08 t Заглавие источника РИСК: ресурсы, информация, снабжение, конкуренция
d Дата издания источника 2013
g Прочая информация № 3. - С. 136 - 143 : табл., диагр.
w Контрольный № источника RU/IS/BASE/439917319
901 t Тип документа b